|
|
|
|
| LEADER |
01720nam a2200445Ia 4500 |
| 001 |
EBC3019117 |
| 003 |
MiAaPQ |
| 005 |
20200520144314.0 |
| 006 |
m o d | |
| 007 |
cr cn||||||||| |
| 008 |
120330s2009 nyua sb 001 0 eng d |
| 010 |
|
|
|z 2011410821
|
| 020 |
|
|
|z 1606927892
|
| 020 |
|
|
|z 9781606927892
|
| 020 |
|
|
|z 9781612094342
|
| 035 |
|
|
|a (MiAaPQ)EBC3019117
|
| 035 |
|
|
|a (Au-PeEL)EBL3019117
|
| 035 |
|
|
|a (CaPaEBR)ebr10662924
|
| 035 |
|
|
|a (OCoLC)694772610
|
| 040 |
|
|
|a MiAaPQ
|c MiAaPQ
|d MiAaPQ
|
| 050 |
|
4 |
|a HG2040.5.U5
|b U523 2009
|
| 082 |
0 |
4 |
|a 332.722
|2 23
|
| 245 |
0 |
0 |
|a Understanding mortgage meltdowns
|h [electronic resource] /
|c Arlene V. Carey, editor.
|
| 260 |
|
|
|a New York :
|b Nova Science Publishers,
|c c2009.
|
| 300 |
|
|
|a xiii, 177 p. :
|b ill. (some col.)
|
| 504 |
|
|
|a Includes bibliographical references and index.
|
| 533 |
|
|
|a Electronic reproduction. Ann Arbor, MI : ProQuest, 2015. Available via World Wide Web. Access may be limited to ProQuest affiliated libraries.
|
| 650 |
|
0 |
|a Mortgage loans
|x Government policy
|z United States.
|
| 650 |
|
0 |
|a Mortgage loans
|z United States.
|
| 650 |
|
0 |
|a Subprime mortgage loans
|x Government policy
|z United States.
|
| 650 |
|
0 |
|a Subprime mortgage loans
|z United States.
|
| 650 |
|
0 |
|a Foreclosure
|z United States.
|
| 650 |
|
0 |
|a Financial crises
|z United States.
|
| 650 |
|
0 |
|a Global Financial Crisis, 2008-2009.
|
| 651 |
|
0 |
|a United States
|x Economic policy
|y 2001-2009.
|
| 651 |
|
0 |
|a United States
|x Economic conditions
|y 2001-2009.
|
| 655 |
|
4 |
|a Electronic books.
|
| 700 |
1 |
|
|a Carey, Arlene V.
|
| 710 |
2 |
|
|a ProQuest (Firm)
|
| 856 |
4 |
0 |
|u https://ebookcentral.proquest.com/lib/matrademy/detail.action?docID=3019117
|z Click to View
|